| 000 | 00440 a2200169 4500 | ||
|---|---|---|---|
| 003 | Nust | ||
| 005 | 20170207164335.0 | ||
| 020 | _a978–0–07–352955–4 | ||
| 040 | _cNust | ||
| 082 | _a621.319'24 | ||
| 100 | _aAlexander, Charles K. | ||
| 245 |
_aFundamentals of electric circuits(E BOOK) _cCharles K. Alexander, Matthew N. O. Sadiku |
||
| 250 | _a4th ed. | ||
| 260 |
_aNew York _bMcGraw-Hill _c2009 |
||
| 300 | _a1056p | ||
| 538 | _aE Book | ||
| 942 |
_2ddc _cBK |
||
| 999 |
_c208674 _d208674 |
||